[Event "NOR-chB"]
[Site "Oslo"]
[Date "2023.07.08"]
[Round "9"]
[White "Stake Larsen, Gunnar"]
[Black "Henrichsen, Erland"]
[Result "0-1"]
[WhiteElo "1963"]
[BlackElo "1900"]
[PlyCount "105"]
[EventDate "2023.06.30"]
[EventType "swiss"]
[EventRounds "9"]
[EventCountry "NOR"]
[SourceTitle "EXT 2024"]
[Source "ChessBase"]
[SourceDate "2023.10.10"]
[SourceVersion "1"]
[SourceVersionDate "2023.10.10"]
[SourceQuality "1"]

1. d4 d5 2. c4 e6 3. Nc3 Nf6 4. Bg5 Nbd7 5. e3 c6 6. Nf3 Qa5 7. Nd2 Bb4 8. Qc2 0-0 9. Nb3 Bxc3+ 10. bxc3 Qa4 11. cxd5 exd5 12. Bd3 h6 13. Bf4 b6 14. Nd2 Qxc2 15. Bxc2 Ba6 16. f3 Rfe8 17. Kf2 Rac8 18. g4 c5 19. Bb3 g5 20. Bg3 cxd4 21. cxd4 Rc3 22. Rae1 Bd3 23. Rc1 Rec8 24. Rxc3 Rxc3 25. Re1 b5 26. h3 a5 27. e4 dxe4 28. fxe4 a4 29. Bd1 Ra3 30. e5 Nd5 31. Bf3 N7b6 32. e6 fxe6 33. Rxe6 Rxa2 34. Ke1 Ra1+ 35. Kf2 Ra2 36. Ke1 a3 37. Bxd5 Nxd5 38. Ra6 Nb4 39. Ra8+ Kf7 40. Bd6 Nc2+ 41. Kf2 b4 42. Nb3 Rb2 43. Nc5 Bc4 44. Ra7+ Kg6 45. Be5 h5 46. Rg7+ Kh6 47. h4 hxg4 48. hxg5+ Kh5 49. Ne4 Nxd4+ 50. Kg1 Nf3+ 51. Kh1 Nxe5 52. Ng3+ Kh4 53. Nf5+ 0-1

[Event "NOR-ch Seniors 60"]
[Site "Larvik"]
[Date "2019.07.09"]
[Round "5"]
[White "Stake Larsen, Gunnar"]
[Black "Skogheim, Ole Morten"]
[Result "1-0"]
[WhiteElo "1976"]
[BlackElo "1968"]
[PlyCount "193"]
[EventDate "2019.07.05"]
[EventType "swiss"]
[EventRounds "9"]
[EventCountry "NOR"]
[SourceTitle "EXT 2024"]
[Source "ChessBase"]
[SourceDate "2023.10.10"]
[SourceVersion "1"]
[SourceVersionDate "2023.10.10"]
[SourceQuality "1"]

1. d4 d5 2. Bf4 c5 3. c3 Nc6 4. e3 cxd4 5. cxd4 Nf6 6. Nf3 e6 7. Nc3 a6 8. Bd3 Nh5 9. Bg5 Be7 10. Bxe7 Nxe7 11. Ne5 Nf6 12. 0-0 0-0 13. Rc1 b5 14. Ne2 Bb7 15. Ng3 Rc8 16. f3 Nd7 17. Rxc8 Qxc8 18. Nxd7 Qxd7 19. Qd2 f6 20. Rc1 Rc8 21. Rxc8+ Qxc8 22. Qc2 Qxc2 23. Bxc2 Nc6 24. Kf2 Nb4 25. Bb1 a5 26. a3 Nc6 27. Bd3 b4 28. Ne2 Kf7 29. Ke1 h6 30. Kd2 Ke7 31. Kc2 Kd6 32. Kb3 bxa3 33. bxa3 Kc7 34. Nf4 e5 35. Nxd5+ Kd6 36. Nb6 exd4 37. exd4 Nxd4+ 38. Ka4 Kc5 39. Nd7+ Kd6 40. Nf8 Bc6+ 41. Kxa5 Kc5 42. Ka6 Be8 43. Kb7 Kd6 44. Ng6 Ne6 45. Bc2 Kc5 46. Ne7 Nd4 47. Bd3 Bd7 48. Kc7 Be6 49. Nc8 Bb3 50. Kd8 Ne6+ 51. Ke7 Nf4 52. Bf1 Nd5+ 53. Kf8 g5 54. Kg7 h5 55. Bd3 Nf4 56. Be4 Nd5 57. Bxd5 Bxd5 58. Kxf6 g4 59. fxg4 hxg4 60. g3 Kb5 61. Ke5 Bb3 62. Kf4 Ka4 63. Nd6 Be6 64. Ne4 Kxa3 65. Nf2 Kb4 66. Nxg4 Kc5 67. Nf6 Kd6 68. Kg5 Ke7 69. Kg6 Kf8 70. Nh7+ Kg8 71. Ng5 Bb3 72. h4 Bc2+ 73. Kf6 Bd1 74. Ne6 Kh8 75. Kg5 Bb3 76. Nf4 Kh7 77. h5 Bd1 78. h6 Bf3 79. Nh5 Bd1 80. Nf6+ Kh8 81. Kh4 Bc2 82. g4 Bb1 83. g5 Bc2 84. Kg3 Bb1 85. Kf4 Bc2 86. Ke5 Bb1 87. Ne8 Kh7 88. Kf6 Bc2 89. Nd6 Bg6 90. Nf5 Be8 91. Nd4 Bh5 92. Ne6 Be8 93. Nf8+ Kg8 94. g6 Bxg6 95. Kxg6 Kh8 96. Nd7 Kg8 97. Ne5 1-0

[Event "NOR-ch Seniors-A"]
[Site "Stavanger"]
[Date "2017.07.05"]
[Round "6"]
[White "Stake Larsen, Gunnar"]
[Black "Thrana, Svein Arne"]
[Result "1-0"]
[WhiteElo "1992"]
[BlackElo "1848"]
[PlyCount "77"]
[EventDate "2017.07.01"]
[EventType "swiss"]
[EventRounds "9"]
[EventCountry "NOR"]
[SourceTitle "EXT 2018"]
[Source "ChessBase"]
[SourceDate "2017.10.13"]
[SourceVersion "1"]
[SourceVersionDate "2017.10.13"]
[SourceQuality "1"]

1. d4 d5 2. Nf3 Nf6 3. Bf4 Bf5 4. c3 c6 5. Nbd2 Nbd7 6. h3 h6 7. e3 e6 8. Be2 Be7 9. 0-0 0-0 10. g4 Nxg4 11. hxg4 Bxg4 12. Ne5 Bh3 13. Re1 Nxe5 14. dxe5 g5 15. Bg3 f5 16. exf6 Bd6 17. Bxd6 Qxd6 18. Bg4 Bxg4 19. Qxg4 Rxf6 20. Qg3 e5 21. Rad1 Raf8 22. Ne4 Qe7 23. Nxf6+ Rxf6 24. e4 Rf4 25. exd5 cxd5 26. Rxd5 e4 27. Red1 Rf8 28. Re5 Qf7 29. Rxe4 Qxa2 30. Qd3 Qxb2 31. Re2 Qb6 32. Qd5+ Rf7 33. Re8+ Kg7 34. Qe5+ Rf6 35. Rd7+ Kg6 36. Rg8+ Kh5 37. Qe2+ Kh4 38. Rd4+ Qxd4 39. cxd4 1-0

[Event "Helsingor Xtracon op"]
[Site "Helsingor"]
[Date "2016.07.27"]
[Round "6"]
[White "Stake Larsen, Gunnar"]
[Black "Akdag, Dara Sevkan"]
[Result "0-1"]
[WhiteElo "2034"]
[BlackElo "2213"]
[PlyCount "100"]
[EventDate "2016.07.23"]
[EventType "swiss"]
[EventRounds "10"]
[EventCountry "DEN"]
[SourceTitle "CBM 173 Extra"]
[Source "ChessBase"]
[SourceDate "2016.08.29"]
[SourceVersion "1"]
[SourceVersionDate "2016.08.29"]
[SourceQuality "1"]

1. d4 Nf6 2. c4 c5 3. Nf3 cxd4 4. Nxd4 e5 5. Nc2 d5 6. cxd5 Qxd5 7. Qxd5 Nxd5 8. e4 Nf4 9. Nc3 a6 10. g3 Ne6 11. Be3 Be7 12. Nd5 Bd8 13. Bb6 Nc6 14. Bxd8 Ncxd8 15. Nb6 Rb8 16. Nb4 Nd4 17. Nxc8 Rxc8 18. Bd3 N8e6 19. 0-0 Nc5 20. Rfd1 Ke7 21. Kg2 a5 22. Nd5+ Ke6 23. Nc3 Nxd3 24. Rxd3 b5 25. Rd2 b4 26. Nd5 Rc6 27. Rad1 Rb8 28. f4 f6 29. fxe5 fxe5 30. Ne3 a4 31. Ng4 b3 32. a3 Rc2 33. Ne3 Rxd2+ 34. Rxd2 Rc8 35. Kf2 Rc2 36. Nf1 Kd6 37. Ke3 Rc1 38. Rf2 Kc5 39. Kd3 Rc2 40. Rd2 Rc1 41. Ne3 Rh1 42. Rf2 g5 43. Ng4 Nc6 44. Nf6 h6 45. Nd5 Rd1+ 46. Ke3 Na5 47. Nc3 Nc4+ 48. Kf3 Rd3+ 49. Ke2 Rxc3 50. bxc3 b2 0-1

[Event "Helsingor Xtracon op"]
[Site "Helsingor"]
[Date "2016.07.24"]
[Round "3"]
[White "Kalveus, Jan"]
[Black "Stake Larsen, Gunnar"]
[Result "1-0"]
[WhiteElo "1773"]
[BlackElo "2034"]
[PlyCount "52"]
[EventDate "2016.07.23"]
[EventType "swiss"]
[EventRounds "10"]
[EventCountry "DEN"]
[SourceTitle "CBM 173 Extra"]
[Source "ChessBase"]
[SourceDate "2016.08.29"]
[SourceVersion "1"]
[SourceVersionDate "2016.08.29"]
[SourceQuality "1"]

1. d4 d5 2. c4 e6 3. Nc3 c6 4. Nf3 dxc4 5. a4 Bb4 6. e3 b5 7. axb5 cxb5 8. Bd2 Bxc3 9. Bxc3 a5 10. Ne5 Bb7 11. Qg4 g6 12. Be2 f5 13. Qg3 Nf6 14. Bf3 Bxf3 15. Qxf3 Nd5 16. e4 Nxc3 17. bxc3 Ra6 18. exf5 0-0 19. 0-0 Rxf5 20. Qe3 Qd5 21. Qg3 Nc6 22. Ng4 Rf8 23. Rfe1 b4 24. cxb4 Nxb4 25. Qc7 Nd3 26. Qe7 Qxd4 1-0

[Event "NOR-ch Seniors-A"]
[Site "Oslo"]
[Date "2015.07.10"]
[Round "8"]
[White "Ulrichsen, Jarl Henning"]
[Black "Stake Larsen, Gunnar"]
[Result "1/2-1/2"]
[WhiteElo "2093"]
[BlackElo "1914"]
[PlyCount "118"]
[EventDate "2015.07.04"]
[EventType "swiss"]
[EventRounds "9"]
[EventCountry "NOR"]
[SourceTitle "EXT 2017"]
[Source "ChessBase"]
[SourceDate "2016.10.25"]
[SourceVersion "1"]
[SourceVersionDate "2016.10.25"]
[SourceQuality "1"]

1. e4 c5 2. Nf3 e6 3. Nc3 a6 4. d4 cxd4 5. Nxd4 Qc7 6. g3 d6 7. Bg2 Nf6 8. 0-0 Be7 9. Kh1 Bd7 10. f4 Nc6 11. Nb3 h5 12. h4 e5 13. f5 Na5 14. Nxa5 Qxa5 15. Bg5 Qc5 16. Qd3 Bc6 17. a3 Ng4 18. Bxe7 Kxe7 19. Qe2 Qe3 20. Qxe3 Nxe3 21. Rf2 Nxg2 22. Kxg2 f6 23. Rd1 Rhd8 24. Kf3 b5 25. Ke3 Rab8 26. Rfd2 Rbc8 27. Rg2 g6 28. g4 gxf5 29. gxf5 Rg8 30. Rdg1 Rxg2 31. Rxg2 Kf7 32. Rg1 Rd8 33. b3 Bb7 34. Rg6 d5 35. exd5 Bxd5 36. Ne2 a5 37. Ng3 Rc8 38. Nxh5 Rxc2 39. Rxf6+ Ke7 40. Rb6 Bxb3 41. Rb7+ Kd6 42. Nf6 Rh2 43. h5 a4 44. h6 Rh3+ 45. Kd2 Rh2+ 46. Kc3 Rh3+ 47. Kb4 e4 48. Nxe4+ Ke5 49. Ng5 Rh4+ 50. Kxb5 Kxf5 51. Nf7 Kf6 52. Nd8 Rh5+ 53. Kb4 Rh4+ 54. Kc3 Rh3+ 55. Kd4 Rxh6 56. Rb6+ Kg5 57. Rxh6 Kxh6 58. Nb7 Kg6 59. Nc5 Kf6 1/2-1/2

[Event "NOR-ch Class1"]
[Site "Lillehammer"]
[Date "2013.06.29"]
[Round "3"]
[White "Rodvik, Trym Daniel"]
[Black "Stake Larsen, Gunnar"]
[Result "1/2-1/2"]
[WhiteElo "1891"]
[BlackElo "2013"]
[PlyCount "82"]
[EventDate "2013.06.29"]
[EventType "swiss"]
[EventRounds "9"]
[EventCountry "NOR"]
[SourceTitle "EXT 2015"]
[Source "ChessBase"]
[SourceDate "2014.11.20"]
[SourceVersion "1"]
[SourceVersionDate "2014.11.20"]
[SourceQuality "1"]

1. e4 c5 2. Nf3 d6 3. d4 cxd4 4. Nxd4 Nf6 5. Nc3 g6 6. Be3 Bg7 7. f3 0-0 8. Qd2 Nc6 9. 0-0-0 Qa5 10. Kb1 Rd8 11. g4 Bd7 12. h4 Rac8 13. Nb3 Qc7 14. h5 Ne5 15. Be2 Nc4 16. Bxc4 Qxc4 17. hxg6 fxg6 18. Rh4 Qf7 19. Rdh1 Be6 20. Bd4 Rc4 21. f4 Rdc8 22. e5 Nxg4 23. Rxh7 dxe5 24. Bxe5 Nxe5 25. fxe5 Rf4 26. Nc1 Bg4 27. R7h4 Rf8 28. Nd5 Rf2 29. Nf6+ Rxf6 30. exf6 Qxf6 31. Qb4 a5 32. Qa3 Bf5 33. R4h2 b5 34. Re1 b4 35. Qb3+ e6 36. Nd3 Rb8 37. Ne5 Rb5 38. Rhe2 Qd8 39. Nd3 Qf6 40. Ne5 Qd8 41. Nd3 Qf6 1/2-1/2

[Event "NOR-ch Class1"]
[Site "Lillehammer"]
[Date "2013.06.29"]
[Round "6"]
[White "Stake Larsen, Gunnar"]
[Black "Andersen, Oystein R"]
[Result "0-1"]
[WhiteElo "2013"]
[BlackElo "1962"]
[PlyCount "40"]
[EventDate "2013.06.29"]
[EventType "swiss"]
[EventRounds "9"]
[EventCountry "NOR"]
[SourceTitle "EXT 2015"]
[Source "ChessBase"]
[SourceDate "2014.11.20"]
[SourceVersion "1"]
[SourceVersionDate "2014.11.20"]
[SourceQuality "1"]

1. d4 Nf6 2. c4 g6 3. Nc3 Bg7 4. e4 d6 5. f4 0-0 6. Nf3 c5 7. d5 e6 8. Be2 exd5 9. cxd5 Re8 10. Nd2 Nbd7 11. 0-0 a6 12. a4 Rb8 13. a5 Qc7 14. Re1 h5 15. h3 b5 16. axb6 Nxb6 17. Rf1 Nfxd5 18. Nxd5 Nxd5 19. Ra3 Bd4+ 20. Kh1 Ne3 0-1